000
00373nam a2200133Ia 4500
008
151001s9999||||xx |||||||||||||| ||und||
100
_a
एम पी कमल
245
_a
प्राकृतिक महाविनाश
250
_a
1
260
_b
मित्तल बुक एजन्सी
260
_c
2009
300
_a
216
365
_b
21
999
_c
994280
_d
994277